|
|
|
|
| LEADER |
00000nam a2200000 a 4500 |
| 001 |
vtls001101693 |
| 003 |
SK-MaSNL |
| 005 |
20260301223033.0 |
| 008 |
240226s1996 DE a ger |
| 020 |
|
|
|a 8122 3573 0
|
| 035 |
|
|
|a SNK000044535
|
| 035 |
|
|
|a urn:nbn:sk:snk-am3h44d
|
| 035 |
|
|
|a urn:nbn:sk:snk-am00cn0e
|
| 035 |
|
|
|a 28387E92-27C6-46F5-A6A6-544E3781FFC9
|
| 040 |
|
|
|a SNK
|b slo
|c SNK
|e AACR2
|
| 041 |
0 |
|
|a ger
|
| 044 |
|
|
|a DE
|
| 080 |
|
|
|a 641.5(083.12)
|2 1981
|
| 245 |
0 |
|
|a Spass am Grillen
|b drinnen und draussen für das ganze Jahr : mit über 300 Rezepten und meisterhaften Fotos ist für die grossen und kleinen Feinschmecker der Tisch das ganze Jahr über reich gedeckt
|
| 260 |
|
|
|a Stuttgart
|b Unipart
|c 1996
|e [Martin]
|f [Neografia]
|
| 300 |
|
|
|a 192 s.
|c 29 cm
|
| 650 |
0 |
7 |
|a jedlá
|x príprava
|x predpisy kuchárske
|2 SNK
|9 284213
|
| 650 |
0 |
7 |
|a knihy kuchárske
|2 SNK
|9 283472
|
| 919 |
|
|
|a 8122 3573 0
|
| 999 |
|
|
|c 941919
|d 943849
|
| 952 |
|
|
|t P60, <03>, [BOOK], {603}
|a SNK
|b SNK
|y PREZ
|7 0
|p 17A0002035
|o snkSB 55338
|i snkKSP 3374/96
|0 0
|1 0
|4 0
|d 1996-04-01
|f 1
|l 0
|r 2016-12-31 00:00:00
|w 2026-02-24
|